000 00359nam a22001337a 4500
008 250428b |||||||| |||| 00| 0 eng d
020 _a8188237922
050 _aHD7261
_b.F85
100 _aFULEKAR, M.H
245 _aIndustrial Hygiene and Chemical Safety
260 _aNew Delhi
_bI.K International House PVT. Ltd,
_c2006
300 _axvi, 245p.
942 _cBK
999 _c3242
_d3242